00295nam a2200121Ia 4500003000400000008004100004082001600045100000900061245005400070260002300124300000800147650001800155OSt191201s2005 xx 000 0 und d a338.47bNDS aNDRI 0aSouvenir National Seminar on Value Added Services aKarnalbNDRIc2005 a192 aGeneral Books